Ringing up the changes : (Record no. 9013)
[ view plain ]
| 000 -LEADER | |
|---|---|
| fixed length control field | 00740cam a2200217 a 4500 |
| 001 - CONTROL NUMBER | |
| control field | 13611358 |
| 005 - DATE AND TIME OF LATEST TRANSACTION | |
| control field | 20260313114730.0 |
| 008 - FIXED-LENGTH DATA ELEMENTS--GENERAL INFORMATION | |
| fixed length control field | 040602s2004 sa a 000 0 eng d |
| 020 ## - INTERNATIONAL STANDARD BOOK NUMBER | |
| International Standard Book Number | 0620315598 |
| 020 ## - INTERNATIONAL STANDARD BOOK NUMBER | |
| International Standard Book Number | 9780620315593 |
| 050 00 - LIBRARY OF CONGRESS CALL NUMBER | |
| Classification number | HQ1236.5.A356 |
| Item number | R46 2004 |
| 082 00 - DEWEY DECIMAL CLASSIFICATION NUMBER | |
| Classification number | 320/.082/0968 |
| Edition information | 22 |
| 245 00 - TITLE STATEMENT | |
| Title | Ringing up the changes : |
| Remainder of title | gender in southern African politics / |
| Statement of responsibility, etc. | edited by Colleen Lowe Morna ; with a foreword by Gertrude Mongella. |
| 260 ## - PUBLICATION, DISTRIBUTION, ETC. | |
| Place of publication, distribution, etc. | Johannesburg : |
| Name of publisher, distributor, etc. | Gender Links, |
| Date of publication, distribution, etc. | c2004. |
| 300 ## - PHYSICAL DESCRIPTION | |
| Extent | 280 p. : |
| Other physical details | ill. ; |
| Dimensions | 25 cm. |
| 500 ## - GENERAL NOTE | |
| General note | Catalogued from cover. |
| 650 #0 - SUBJECT ADDED ENTRY--TOPICAL TERM | |
| Topical term or geographic name entry element | Women |
| General subdivision | Political activity |
| Geographic subdivision | Africa, Southern. |
| 700 1# - ADDED ENTRY--PERSONAL NAME | |
| Personal name | Morna, Colleen Lowe. |
| 710 2# - ADDED ENTRY--CORPORATE NAME | |
| Corporate name or jurisdiction name as entry element | Gender Links (Organization) |
| 942 ## - ADDED ENTRY ELEMENTS (KOHA) | |
| Source of classification or shelving scheme | Library of Congress Classification |
| Koha item type | Books |
| Suppress in OPAC | No |
| 999 ## - | |
| -- | 9013 |
| -- | 9013 |
| Withdrawn status | Lost status | Source of classification or shelving scheme | Damaged status | Not for loan | Collection | Home library | Current library | Shelving location | Date acquired | Total checkouts | Full call number | Barcode | Date last seen | Copy number | Price effective from | Koha item type |
|---|---|---|---|---|---|---|---|---|---|---|---|---|---|---|---|---|
| Library of Congress Classification | Non-fiction | Business Library (Miotso) | Business Library (Miotso) | General stacks | 03/11/2026 | HQ1236.5.A356 R46 2004 | BSSM00002728 | 03/13/2026 | 1 | 03/11/2026 | Books |